Countries In South America On A World Map - Statistics

General Stats
  • This quiz has been taken 21 times
  • The average score is 12 of 12
Answers on the Map
Answers color-coded by a green-red scale on the quiz's map according to % correct below.
 
Answer Stats
Country % Correct
Argentina
100%
Brazil
100%
Chile
100%
Colombia
100%
Guyana
100%
Uruguay
100%
Bolivia
95%
Ecuador
95%
Paraguay
95%
Peru
95%
Venezuela
95%
Suriname
90%
No matching quizzes found
Score Distribution
Percent of People with Each Score
Percentile by Number Answered
Your Score History
You have not taken this quiz